000 00635nam a22001937a 4500
003 OSt
005 20250630052502.0
008 250630b |||||||| |||| 00| 0 eng d
020 _a 978-621-8035-41-6
040 _aDWCL - Main lib
_cOC
082 _aFil. 370.7109 B224t 2018
100 _aBarabo, Milagros Lim
245 _aTeaching Internship/
_cMilagros Lim Barabo
260 _aManila, Philippines:
_bLorimar publishing,
_cc2017
300 _axvii,278 pages:
_b illustrations;
_c28cm.
650 _a1. Teachers -training of teachers education institution
650 _a2. Internship program.
942 _2ddc
_cBK - FIL
_kFil.
_n0
999 _c3301
_d3301